000 00520nam a2200193 a 4500
005 20140310183435.0
008 080130s19uu xx 00 eng d
020 _a0071244379
050 _aHF 5387
_b.D392 2006
100 _aDesJardins, Joseph
245 _aAn introduction to business ethics /
_cJoseph DesJardins
250 _a2nd ed.
260 _aU.S.A :
_bMcGraw-Hill,
_c2006.
300 _aI-10, 271 p. :
_c24 cm.
521 _aBSBA
650 _aBusiness ethics.
942 _cBK
_2lcc
_kFOR
999 _c22855
_d22855